|
|
|
|
| LEADER |
00704nam a2200217Ia 4500 |
| 001 |
TDMU_7393 |
| 008 |
210410s9999 xx 000 0 und d |
| 082 |
|
|
|a 005.52
|
| 090 |
|
|
|b S201
|
| 100 |
|
|
|a Shelly, Gary B
|
| 245 |
|
0 |
|a Microsoft Office Word 2003
|
| 245 |
|
0 |
|b Introductory Concepts and Techniques
|
| 245 |
|
0 |
|c Gary B. Shelly, Thomas J. Cashman, Misty E. Vermaat
|
| 260 |
|
|
|a Boston, MA.
|
| 260 |
|
|
|b Thomson/Course Technology
|
| 260 |
|
|
|c 2006
|
| 300 |
|
|
|a viii. (various pagings)
|
| 650 |
|
|
|a Word processing
|
| 700 |
|
|
|a Cashman, Thomas J
|
| 856 |
|
|
|u http://lrc.tdmu.edu.vn/opac/search/detail.asp?aID=2&ID=7393
|
| 980 |
|
|
|a Trung tâm Học liệu Trường Đại học Thủ Dầu Một
|